Modeling, functions and graphs algebra for college students

Bibliographic Details
Main Author: Yoshiwara, Katherine
Format: Section = Libro
Language:Undetermined
Spanish
Published: United States Books College Publishing Company 2001
Edition:3a.ed.
Subjects:
LEADER 00596nam a2200217Ia 4500
008 240829s9999 xx 000 0 und d
020 |a 0-534-36832-8 
040 |a BIBLIOTECA-RUSB/ 512.9 Y65 
041 |a spa 
082 |a 512.9 Y65 
100 1 |a Yoshiwara, Katherine 
245 1 0 |a Modeling, functions and graphs algebra for college students 
250 |a 3a.ed. 
260 |a United States  |b Books College Publishing Company  |c 2001 
300 |a 901 p. :il. 
650 7 |a ALGEBRA 
650 7 |b  FUNCIONES 
650 7 |c  ECUACIONES. Yoshiwara, Bruce 
942 |c BK  |2 ddc 
991 |a TEXTO 
999 |c 1525